Postacie Marvel Cinematic Universe - Statystyki

Ogólne statystyki
  • Ten quiz został rozwiązany 1 947 razy
  • Średni wynik to 13 z 15
Statystyki odpowiedzi
Podpowiedz Odpowiedz % Poprawnych
Nordycki Bóg Thor
100%
Miażdży! Hulk
99%
Bilioner Playboy Filantrop Iron Man
99%
Człowiek Pająk Spider Man
99%
Pierwszy Avenger Kapitan Ameryka
98%
"Przyrodni" Brat Thora Loki
97%
Ma Sokoli Wzrok Hawkeye
87%
Szalony Tytan Thanos
87%
Ma taką samą nazwe jak pająk Czarna Wdowa
85%
Przywódca Strażników Galaktyki Star Lord
84%
Posiada Kamień Umysłu Vision
84%
Posiada Kamień Czasu Doktor Strange
83%
Nieudany Eksperyment Starka Ultron
82%
Najpotężniejszy Avenger Kapitan Marvel
59%
Pojawiła się pierwszy raz w Age Of Ultron Scarlet Witch
56%
Nie znaleziono quizów pasujących do podanych kryteriów
Rozkład punktacji
Procent ludzi z każdym wynikiem
Percentyl według liczby udzielonych odpowiedzi
Twoja historia wyników
Nie rozwiązałeś tego quizu